书目信息 |
| 题名: |
网络营销决胜武器
|
|
| 作者: | 徐茂权 著 | |
| 分册: | ||
| 出版信息: | 北京 电子工业出版社 2015.05 |
|
| 页数: | XVIII, 276页 | |
| 开本: | 24cm | |
| 丛书名: | 博文视点 | |
| 单 册: | ||
| 中图分类: | F276.34 | |
| 科图分类: | ||
| 主题词: | 中小企业--zhong xiao qi ye--网络营销--基本知识 | |
| 电子资源: | ||
| ISBN: | 978-7-121-25933-3 | |
| 000 | 01117nam 2200289 450 | |
| 001 | CAL 0120151577626 | |
| 005 | 20150825142442.32 | |
| 010 | @a978-7-121-25933-3@dCNY49.00 | |
| 100 | @a20150603d2015 em y0chiy50 ea | |
| 101 | 0 | @achi |
| 102 | @aCN@b110000 | |
| 105 | @aa z 000yy | |
| 106 | @ar | |
| 200 | 1 | @a网络营销决胜武器@Awang luo ying xiao jue sheng wu qi@e软文营销实战方法、案例、问题@f徐茂权著 |
| 205 | @a第2版 | |
| 210 | @a北京@c电子工业出版社@d2015.05 | |
| 215 | @aXVIII, 276页@c图@d24cm | |
| 225 | 2 | @a博文视点@Abo wen shi dian |
| 330 | @a本书收录了25个软文案例, 以及90个软文营销的常见问题, 以问答形式呈现给读者。分为软文营销实战方法 ; 软文案例点评 ; 软文营销90问3篇。主要包括: 见证软文的力量 ; 走进软文的世界 ; 为什么要做软文营销等。 | |
| 410 | 0 | @1410 0@02001 @a博文视点 |
| 517 | 1 | @a软文营销实战方法、案例、问题@Aruan wen ying xiao shi zhan fang fa 、 an li 、 wen ti |
| 586 | @a | |
| 606 | 0 | @a中小企业@Azhong xiao qi ye@x网络营销@x基本知识 |
| 690 | @aF276.34@v5 | |
| 701 | 0 | @a徐茂权@Axu mao quan@4著 |
| 801 | 0 | @aCN@c20150820 |
| 905 | @a河南城建学院图书馆@dF276.34@eX760@f3 | |
| 网络营销决胜武器:软文营销实战方法、案例、问题/徐茂权著.-第2版.-北京:电子工业出版社,2015.05 |
| XVIII, 276页:图;24cm.-(博文视点) |
| ISBN 978-7-121-25933-3:CNY49.00 |
| 本书收录了25个软文案例, 以及90个软文营销的常见问题, 以问答形式呈现给读者。分为软文营销实战方法 ; 软文案例点评 ; 软文营销90问3篇。主要包括: 见证软文的力量 ; 走进软文的世界 ; 为什么要做软文营销等。 |
| ● |
| 相关链接 |
|
|
|
正题名:网络营销决胜武器
索取号:F276.34/X760
 
预约/预借
| 序号 | 登录号 | 条形码 | 馆藏地/架位号 | 状态 | 备注 |
| 1 | 1223343 | 212233439 | 社科二线422/409社科库 96排1列3层/ [索取号:F276.34/X760] | 在馆 | |
| 2 | 1223344 | 212233448 | 社科库409/409社科库 96排1列3层/ [索取号:F276.34/X760] | 在馆 | |
| 3 | 1223345 | 212233457 | 社科二线422/409社科库 96排1列3层/ [索取号:F276.34/X760] | 在馆 |